| 000 | 00937nam a2200277 i 4500 | ||
|---|---|---|---|
| 003 | DO-SdBNP | ||
| 005 | 20240415111455.0 | ||
| 007 | ta | ||
| 008 | 240415b2023 dr ac||| |||| 00| 0 spa d | ||
| 020 | _a9789945637281 | ||
| 040 |
_aDO-SdBNP _bspa _cBNPHU _erda |
||
| 082 | 4 | _222 | |
| 100 | 1 |
_aBeras Quezada, Sergio, _eautor _985243 |
|
| 245 | 1 | 0 |
_aEntre negro y blanco : _bfotografías / _cSergio Beras Quezada ; textos, Carlos Roberto Gómez Beras |
| 264 | 4 |
_aSanto Domingo : _bIsla Negra, _c2023 |
|
| 300 |
_a71 páginas : _bilustraciones, retratos ; _c16 cm. |
||
| 336 |
_2rdacontent _atexto _btxt |
||
| 337 |
_2rdamedia _asin mediación _bn |
||
| 338 |
_2rdacarrier _avolumen _bnc |
||
| 490 | _aLa caja de pandora | ||
| 500 | _aIncluye datos biográficos del autor en la solapa de la cubierta | ||
| 590 | _aInventariado, 2024/BT | ||
| 700 |
_aGómez Beras, Carlos Roberto, _etextos _98928 |
||
| 910 | _aBtavárez | ||
| 942 |
_2ddc _cLBS1 |
||
| 999 |
_c56406 _d56406 |
||